000 00821 a2200193 4500
003 NUST
005 20251125131346.0
040 _cNust
082 _a621.382,KHA
100 _aKhan, Arslan (TCC-20)
_9132065
245 _aGround penetrating radar a basic prototype /
_cArslan Khan, Muhammad Salek Ali, Haroon Rasheed and Muhammad Uzair
260 _aRawalpindi
_bMCS (NUST)
_c2012
300 _ax,80 p.;
505 _aIntroduction (Page-1), Basic GPR Concepts (Page-9), Antenna Development (Page-17), Signal Processing (Page-31), Algorithms for Focusing / migration (Page-42), Test Experiments for Buried Object Detection and data Analysis (Page-55), bibliography (Page-78).
650 _aUG Projects
_998716
651 _aTCC-20
_9131219
700 _aSupervised by Maj Dr. Abdul Ghafoor
_9132066
942 _cPR
_2ddc
999 _c190749
_d190749